书目信息 |
| 题名: |
英语词汇学教程
|
|
| 作者: | 汪蓉培 , 卢晓娟 编著 | |
| 分册: | ||
| 出版信息: | 上海 上海外语教育出版社 1997.10 |
|
| 页数: | 508页 | |
| 开本: | 32开 | |
| 丛书名: | ||
| 单 册: | ||
| 中图分类: | H313 | |
| 科图分类: | ||
| 主题词: | 英语 | |
| 电子资源: | ||
| ISBN: | 7-81046-362-4 | |
| 000 | 00599nam0 2200205 45 | |
| 001 | 0010040916 | |
| 005 | 20001004095318.6 | |
| 010 | @a7-81046-362-4@d20.00元 | |
| 100 | @a20001004d1997 km y0chiy0120 ea | |
| 101 | 0 | @achi |
| 105 | @a z 000yy | |
| 200 | 1 | @a英语词汇学教程@AYing Yu Ci Hui Xue Jiao Cheng@f汪蓉培,卢晓娟编著@FWang Rong Pei,Lu Xiao Juan Bian Zhu |
| 210 | @a上海@c上海外语教育出版社@d1997.10 | |
| 215 | @a508页@d32开 | |
| 606 | 0 | @a英语 |
| 690 | @aH313@v3 | |
| 701 | 0 | @a汪蓉培@4编著 |
| 701 | 0 | @a卢晓娟@4编著 |
| 801 | @aCN@bPftUser@c20001004 | |
| 905 | @b164616-620@dH313@eW607@f5 | |
| 英语词汇学教程/汪蓉培,卢晓娟编著.-上海:上海外语教育出版社,1997.10 |
| 508页;32开 |
| ISBN 7-81046-362-4:20.00元 |
| ● |
| 相关链接 |
|
|
|
正题名:英语词汇学教程
索取号:H313/W607
 
预约/预借
| 序号 | 登录号 | 条形码 | 馆藏地/架位号 | 状态 | 备注 |
| 1 | 164616 | 201646166 | 自科二线504/504自科库 47排1列1层/ [索取号:H313/W607] | 在馆 | |
| 2 | 164617 | 201646175 | 语言库209/209语言库 104排3列1层/ [索取号:H313/W607] | 在馆 | |
| 3 | 164618 | 201646184 | 语言库209/209语言库 104排3列1层/ [索取号:H313/W607] | 在馆 | |
| 4 | 164619 | 201646193 | 语言库209/209语言库 104排3列1层/ [索取号:H313/W607] | 在馆 | |
| 5 | 164620 | 201646200 | 语言库209/209语言库 104排3列1层/ [索取号:H313/W607] | 在馆 |